LEADER 01099nam a2200277 u 4500 001 000000064649 003 CaOOAMICUS 005 20070226121359.0 008 011122s1931 gw u000 u ger u 035 $a10910958 040 $aPUL(R)$bita 100 1 $aLindworsky, Johannes,$cS.I.,$d1875-$0(OLS)http://pul/name/38530 245 10$aExperimentelle Psychologie /$cvon Johannes Lindworsky. 250 $a5., neurbeitete Aufl. 260 $aMünchen :$bJ. Kösel & Fr. Pustet,$c1931. 300 $axvi, 293 p. ;$c24 cm 490 1 $aPhilosophische Handbibliothek ;$vBd. 5 500 $aComprende indici. 504 $aBibliografia in nota. 650 4$aPsicologia sperimentale.$0(OLS)http://pul/subject/4635 830 0$aPhilosophische Handbibliothek ;$vBd. 5.$0(OLS)http://pul/title/86128 850 $aPUL 852 $aPUL$W1$xDP2 Filosofia 1$y62$m87 B 30$j83784$nBK-PRI$b $qStampati$B83784$CPULBib$Z2$F83784 $81 941 1 $a8 996 $6245$aExperimentelle Psychologie$9(OLS)http://pul/title/86127 996 $6260$aMünchen :$bJ. Kösel & Fr. Pustet$9(OLS)http://pul/publisher/70948 LEADER 01795nam a2200373 a 4500 001 000000175994 003 CaOOAMICUS 005 20230707154610.0 008 230707s2020 it u000 u ita r 020 $a978-88-288-38432* 032 $aLibriCat 040 $aPUL$bita 082 04$a189 100 1 $aSantayana, George,$d1863-1952.$0(OLS)http://pul/name/19932 240 10$aThree philosophical poets :$bLucretius, Dante and Goethe.$lItaliano.$0(OLS)http://pul/title/217488 245 10$aTre poeti filosofi :$bLucrezio, Dante, Goethe /$cGeorge Santayana ; a cura di Giuseppe Buttà. 260 $aMilano :$bGiuffrè,$c2021. 300 $aXXI, 148 pagine ;$c21 cm 490 1 $aCiviltà del diritto ;$v90 504 $aInclude riferimenti bibliografici. 600 14$aGoethe, Johann Wolfgang von,$d1749-1832$xCritica e interpretazione.$0(OLS)http://pul/subject/4632 600 04$aDante Alighieri,$d1265-1321$xFilosofia.$0(OLS)http://pul/subject/3031 600 14$aLucretius Carus, Titus,$d97-55 a.C.$xCritica e interpretazione.$0(OLS)http://pul/subject/1462 650 4$aFilosofia occidentale medioevale.$0(OLS)http://pul/subject/39383 700 1 $aButtà, Giuseppe.$0(OLS)http://pul/name/30140 830 0$aCiviltà del diritto ;$v90.$0(OLS)http://pul/title/13936 850 $aPUL 852 $aPUL$W1$xDP2 Diritto e Scienze Sociali 3$y110$m340 COLL 4.90$j200160$qDDC 21$B204942$CPULBib$Z2$F204942 $H136399 $82 941 1 $a9 996 $6020$a978-88-288-38432*$9(OLS)http://pul/number/169235 996 $6082$a189$9(OLS)http://pul/classification/439 996 $6245$aTre poeti filosofi :$bLucrezio, Dante, Goethe$9(OLS)http://pul/title/217487 996 $6260$aMilano :$bGiuffrè$9(OLS)http://pul/publisher/48401